| 000 | 00343nam a2200109Ia 4500 | ||
|---|---|---|---|
| 008 | 230320s9999||||xx |||||||||||||| ||spa|| | ||
| 082 | _a193/S63R | ||
| 100 | _aSobrevilla, David | ||
| 245 | 0 | _aRepensando La Tradición Occidental ; Filosofía Historia Y Arte En El Pensamiento Alemán: Exposición Y Crítica | |
| 260 | _bAmaru | ||
| 942 |
_80 _cLIB |
||
| 999 |
_c41398 _d41398 |
||